| 000 | 00701nam a22002177a 4500 | ||
|---|---|---|---|
| 005 | 20251108164219.0 | ||
| 008 | 250721s1996 xx 000 0 ara d | ||
| 082 | 1 | 4 | _a327.1/يوس |
| 100 | 1 | _aيوسف، عماد | |
| 245 | 1 | 0 | _aمستقبل السياسات الدولية تجاه الشرق الأوسط / |
| 264 | 1 |
_aعمان : _bمركز دراسات الشرق الأوسط، _c1996. |
|
| 300 | _a242ص | ||
| 490 | 0 | _aدراسات ؛ 17 | |
| 650 | 1 | 7 | _aالسياسة الدولية |
| 650 | 1 | 7 | _aالعلاقات الدولية |
| 650 | 1 | 7 | _aالشرق الأوسط |
| 650 | 1 | 7 | _aالتاريخ الحديث |
| 700 | 1 | _aالصباغ، أروى | |
| 942 |
_2ddc _cBK |
||
| 999 |
_c6522 _d6522 |
||